000 00719nam a2200289Ia 4500
005 20260324124558.0
008 008 260324s9999 xx 000 0 eng d
020 _a9781936331048
037 _aEBOOK
040 _aCRL
040 _beng
040 _cCRL
041 _2eng
041 _aeng
084 _qCRL
100 _aJames Hamilton
_91174695
245 0 _aConserving Data in the Conservation Reserve
245 0 _bHow A Regulatory Program Runs on Imperfect Information
260 _bTaylor and Francis
260 _c2010
365 _a
365 _b51.99
856 _uhttp://www.taylorfrancis.com/books/9781936331048
942 _cEBOOK
999 _c1769194
_d1769194